| 000 | 00882nam a22003257a 4500 | ||
|---|---|---|---|
| 001 | 0029735 | ||
| 003 | KOHA_MİRAKIL | ||
| 005 | 20260207002707.0 | ||
| 007 | ta | ||
| 008 | 110426b2009 tu |||gr||||#||||0|tur | | ||
| 020 | _c,01 | ||
| 040 |
_aTR-BiSEU _btur _cTR-BiSEU _erda |
||
| 041 | 0 | _atur | |
| 044 | _ctu | ||
| 050 |
_aBP195 _b.A44 2009 |
||
| 111 | 2 |
_aAlevi Çalıştayı (6. : Ankara : 2009) _958672 |
|
| 245 | 1 | _a6. Alevi çalıştayı: 17 Aralık 2009. | |
| 264 | 1 |
_aAnkara : _bT.C Devlet Bakanlığı _c2009 |
|
| 300 | _a211 s. | ||
| 336 |
_ametin _btxt _2rdacontent |
||
| 337 |
_aaracısız _bn _2rdamedia |
||
| 338 |
_acilt _bnc _2rdacarrier |
||
| 650 | 0 |
_aAlevilik. _98553 |
|
| 650 | 0 |
_aBektaşilik. _94958 |
|
| 650 | 0 |
_aShiite. _99688 |
|
| 650 | 0 |
_aSufism--Turkey. _99689 |
|
| 650 | 0 |
_aBektashi. _99690 |
|
| 650 | 0 |
_aShiites--Turkey. _99691 |
|
| 942 |
_2lcc _cBK |
||
| 999 |
_c29656 _d29656 |
||